The central Asian Arabs of Afghanistan : pastoral nomadism in transition /

Bibliographic Details
Main Author: Barfield, Thomas J. (Thomas Jefferson), 1950-
Format: Thesis Book
Language:English
Published: Austin : University of Texas Press, [1981]
Subjects:

MARC

Tag First Indicator Second Indicator Subfields
LEADER 00000pam a2200000 a 4500
001 in00000077765
005 20151008053837.0
008 810626s1981 txuab b 00110 eng
010 |a  81011405  
020 |a 0292710666 
035 |a (OCoLC)07597447 
035 |9 AAH8829AM 
039 0 |a 2  |b 3  |c 3  |d 3  |e 3 
040 |a DLC  |c DLC  |d TXA  |d UtOrBLW 
043 |a a-af--- 
049 |a TXAM  |c [1406721] 
050 0 0 |a DS354.6.A7  |b B37 1981 
082 0 |a 958/.1  |2 19 
100 1 |a Barfield, Thomas J.  |q (Thomas Jefferson),  |d 1950- 
245 1 4 |a The central Asian Arabs of Afghanistan :  |b pastoral nomadism in transition /  |c by Thomas J. Barfield. 
264 1 |a Austin :  |b University of Texas Press,  |c [1981] 
264 4 |c ©1981 
300 |a xxii, 182 pages :  |b illustrations, maps ;  |c 24 cm. 
336 |a text  |b txt  |2 rdacontent 
337 |a unmediated  |b n  |2 rdamedia 
338 |a volume  |b nc  |2 rdacarrier 
500 |a Includes index. 
502 |c Harvard)  |d 1978) 
504 |a Bibliography: pages 171-175. 
650 0 |a Bedouins  |z Afghanistan  |x Economic conditions. 
651 0 |a Afghanistan  |x Economic conditions. 
999 |a MARS 
999 f f |s 10cb70b6-d25a-3e20-826c-d032c4ee6159  |i 4af68b6b-0ffa-3c5a-b63e-8eddf57ffea7  |t 0 
952 f f |p ric  |a Texas A&M University  |b Rellis Campus  |c Joint Library Facility  |d Remote Storage  |t 0  |e DS354.6.A7 B37 1981  |h Library of Congress classification  |i unmediated -- volume  |m A14806101259 
998 f f |a DS354.6.A7 B37 1981  |t 0  |l Remote Storage